La Puna de Atacama. Artículos publicados en El Porvenir, de Santiago de Chile
Gespeichert in:
| 1. Verfasser: | |
|---|---|
| Körperschaft: | |
| Format: | Buch |
| Sprache: | Spanisch |
| Veröffentlicht: |
Santiago
Establecimiento Poligráfico Roma
1898
|
| Ausgabe: | 1a. ed |
| Schlagworte: | |
| Tags: |
Tag hinzufügen
Keine Tags, Fügen Sie den ersten Tag hinzu!
|
MARC
| LEADER | 00000nam a2200000 a 4500 | ||
|---|---|---|---|
| 001 | UCJ4746 | ||
| 003 | CL-VaPUC | ||
| 008 | 070124e18980000CL |||||||||||||||||spa|d | ||
| 082 | 0 | 4 | |a 983 |b COV |2 21 |
| 100 | 0 | |a Covarrubias, Alvaro |e author |9 508982 | |
| 110 | 2 | |a El Porvenir |e author |9 508983 | |
| 245 | 1 | 3 | |a La Puna de Atacama. Artículos publicados en El Porvenir, de Santiago de Chile |
| 250 | |a 1a. ed | ||
| 300 | |a 130 p | ||
| 942 | |c BK | ||
| 945 | |d 20070124 00:00:00 |a rinostro | ||
| 260 | |a Santiago |b Establecimiento Poligráfico Roma |c 1898 | ||
| 650 | 0 | |a Tratados internacionales |9 256056 | |
| 650 | 0 | |a Diplomacia |9 256483 | |
| 650 | 0 | |a Límites con Argentina |9 504170 | |
| 650 | 7 | |a DOCUMENTOS HISTORICOS |2 CL-VaPUC |9 438868 | |
| 650 | 0 | |a Fuentes Históricas |9 265141 | |
| 650 | 0 | |a Prensa y periodismo |z Chile |9 504409 | |
| 651 | 7 | |a CHILE |2 CL-VaPUC |9 508984 | |
| 651 | 0 | |a Bolivia |9 255454 | |
| 651 | 0 | |a Argentina |9 254888 | |
| 651 | 7 | |a PUNA DE ATACAMA |2 CL-VaPUC |9 504264 | |
| 583 | |a last modification |c 20190801 10:30:15 |k Rodrigo Vera | ||
| 999 | |c 320861 |d 320859 | ||
| 952 | |0 0 |1 0 |4 0 |6 983_000000000000000_COV_1898 |7 0 |8 X |9 399474 |a FDOBUD |b FDOBUD |d 2019-11-22 |i 1025503 |o 983 COV 1898 |p 1025503 |r 2019-11-22 |w 2019-11-22 |y BK_X |k BUD | ||